China: A picture book to remember her (Record no. 35875)

MARC details
000 -LEADER
fixed length control field 00306nam a2200121Ia 4500
082 ## - DEWEY DECIMAL CLASSIFICATION NUMBER
Classification number 950(510)
Item number GIB
100 ## - MAIN ENTRY--AUTHOR NAME
Personal name Gibbon, Ted
245 #0 - TITLE STATEMENT
Title China: A picture book to remember her
260 ## - PUBLICATION, DISTRIBUTION, ETC. (IMPRINT)
Place of publication Great Britain
Name of publisher Colour
Year of publication 1979
700 ## - ADDED ENTRY--PERSONAL NAME
Personal name Smart
942 ## - ADDED ENTRY ELEMENTS (KOHA)
Koha item type Books
Holdings
Withdrawn status Lost status Damaged status Not for loan Home library Current library Date acquired Cost, normal purchase price Full call number Accession Number Koha item type
      Write off RRII Library RRII Library 16/12/2021 4.25 950(510) GIB 16295 Books